Applied computer science. (Record no. 1816)
[ view plain ]
| 000 -LEADER | |
|---|---|
| fixed length control field | 01168cas a22003977a 4500 |
| 001 - CONTROL NUMBER | |
| control field | data |
| 005 - DATE AND TIME OF LATEST TRANSACTION | |
| control field | 20260322212119.0 |
| 008 - FIXED-LENGTH DATA ELEMENTS--GENERAL INFORMATION | |
| fixed length control field | data |
| 010 ## - LIBRARY OF CONGRESS CONTROL NUMBER | |
| LC control number | sf 88010052 |
| Canceled/invalid LC control number | sn 86010413 |
| 016 7# - NATIONAL BIBLIOGRAPHIC AGENCY CONTROL NUMBER | |
| Record control number | 010462312 |
| Source | Uk |
| 022 ## - INTERNATIONAL STANDARD SERIAL NUMBER | |
| International Standard Serial Number | 0179-3225 |
| Source | z |
| 023 0# - CLUSTER ISSN | |
| Cluster ISSN | 0179-3225 |
| Source | z |
| 029 1# - OTHER SYSTEM CONTROL NUMBER (OCLC) | |
| OCLC library identifier | AU@ |
| System control number | 000024516832 |
| 035 ## - SYSTEM CONTROL NUMBER | |
| System control number | (OCoLC)5251692 |
| 040 ## - CATALOGING SOURCE | |
| Original cataloging agency | NDD |
| Language of cataloging | eng |
| Transcribing agency | NDD |
| Modifying agency | OCLCQ |
| -- | DLC |
| -- | OCLCQ |
| -- | UKMGB |
| -- | OCLCQ |
| -- | CAI |
| -- | OCLCO |
| -- | OCLCF |
| -- | OCLCQ |
| 041 0# - LANGUAGE CODE | |
| Language code of text/sound track or separate title | eng |
| -- | eng |
| 042 ## - AUTHENTICATION CODE | |
| Authentication code | pcc |
| -- | pcc |
| 050 00 - LIBRARY OF CONGRESS CALL NUMBER | |
| Classification number | UNC |
| 210 0# - ABBREVIATED TITLE | |
| Abbreviated title | Appl. comput. sci. |
| 222 #0 - KEY TITLE | |
| Key title | Applied computer science |
| 245 00 - TITLE STATEMENT | |
| Title | Applied computer science. |
| 260 ## - PUBLICATION, DISTRIBUTION, ETC. | |
| Place of publication, distribution, etc. | München : |
| Name of publisher, distributor, etc. | C. Hanser, |
| Date of publication, distribution, etc. | 1976- |
| 300 ## - PHYSICAL DESCRIPTION | |
| Extent | volumes : |
| Other physical details | illustrations ; |
| Dimensions | 24 cm |
| 336 ## - CONTENT TYPE | |
| Content type term | text |
| Content type code | txt |
| Source | rdacontent |
| 337 ## - MEDIA TYPE | |
| Media type term | unmediated |
| Media type code | n |
| Source | rdamedia |
| 338 ## - CARRIER TYPE | |
| Carrier type term | volume |
| Carrier type code | nc |
| Source | rdacarrier |
| 362 0# - DATES OF PUBLICATION AND/OR SEQUENTIAL DESIGNATION | |
| Dates of publication and/or sequential designation | 1- |
| 500 ## - GENERAL NOTE | |
| General note | "Berichte zur praktischen Informatik." |
| 500 ## - GENERAL NOTE | |
| General note | Title from series t.p. |
| 546 ## - LANGUAGE NOTE | |
| Language note | Chiefly German; some English. |
| 650 #0 - SUBJECT ADDED ENTRY--TOPICAL TERM | |
| Topical term or geographic name entry element | Computer science. |
| 650 #7 - SUBJECT ADDED ENTRY--TOPICAL TERM | |
| Topical term or geographic name entry element | Computer science. |
| Source of heading or term | fast |
| Authority record control number or standard number | (OCoLC)fst00872451 |
| 906 ## - LOCAL DATA ELEMENT F, LDF (RLIN) | |
| a | 7 |
| b | cbc |
| c | serials |
| d | u |
| e | ncip |
| f | 19 |
| g | n-oclcserc |
| 991 ## - | |
| -- | c-Ser |
| -- | UNC |
| -- | SERIALS |
| Withdrawn status | Lost status | Damaged status | Not for loan | Home library | Current library | Shelving location | Date acquired | Total checkouts | Full call number | Barcode | Date last seen | Price effective from | Koha item type |
|---|---|---|---|---|---|---|---|---|---|---|---|---|---|
| Franklin | Franklin | General stacks | 22/03/2026 | UNC | LOC-FRL-00052 | 22/03/2026 | 22/03/2026 | Books |